000 00557nam a22001691a 4500
001 11660
003 OSt
005 20260204212251.0
008 130502s2009||||dr ||||||b||||||||||spa||
050 _aRD 036.93 G586d
100 _aGomez Morin, Lucy
245 _aDominicanismos diccionario para entender al dominicano: una recopilacion de palabras, fraces y expresiones que definen la indiosincracia del dominicano / Lucy Gomez Morin
264 _aRepública Dominicana : Canadex
300 _a171 P
500 _aIncluye bibliografiaÌ
942 _2ddc
_cBK
999 _c11660
_d11660